<?xml version="1.0" encoding="UTF-8"?>
<record
    xmlns:xsi="http://www.w3.org/2001/XMLSchema-instance"
    xsi:schemaLocation="http://www.loc.gov/MARC21/slim http://www.loc.gov/standards/marcxml/schema/MARC21slim.xsd"
    xmlns="http://www.loc.gov/MARC21/slim">

  <leader>00378nam a2200145Ia 4500</leader>
  <controlfield tag="008">191201s2009    xx            000 0 und d</controlfield>
  <datafield tag="082" ind1=" " ind2=" ">
    <subfield code="a">004.678</subfield>
    <subfield code="b">GRI</subfield>
  </datafield>
  <datafield tag="100" ind1=" " ind2=" ">
    <subfield code="a">GREENLAW, Raymond</subfield>
  </datafield>
  <datafield tag="245" ind1=" " ind2="0">
    <subfield code="a">Inline/Online Fundamentals of the Internet and the World Wide Web</subfield>
  </datafield>
  <datafield tag="250" ind1=" " ind2=" ">
    <subfield code="a">Rep.</subfield>
  </datafield>
  <datafield tag="260" ind1=" " ind2=" ">
    <subfield code="a">N.Delhi</subfield>
    <subfield code="b">TMH</subfield>
    <subfield code="c">2009</subfield>
  </datafield>
  <datafield tag="300" ind1=" " ind2=" ">
    <subfield code="a">696</subfield>
  </datafield>
  <datafield tag="650" ind1=" " ind2=" ">
    <subfield code="a">B.Tech(IT)</subfield>
  </datafield>
  <datafield tag="942" ind1=" " ind2=" ">
    <subfield code="2">ddc</subfield>
    <subfield code="c">BK</subfield>
  </datafield>
  <datafield tag="999" ind1=" " ind2=" ">
    <subfield code="c">3616</subfield>
    <subfield code="d">3616</subfield>
  </datafield>
  <datafield tag="952" ind1=" " ind2=" ">
    <subfield code="0">0</subfield>
    <subfield code="1">0</subfield>
    <subfield code="2">ddc</subfield>
    <subfield code="4">0</subfield>
    <subfield code="7">0</subfield>
    <subfield code="8">BTECHIT</subfield>
    <subfield code="a">PIET</subfield>
    <subfield code="b">PIET</subfield>
    <subfield code="d">2008-11-08</subfield>
    <subfield code="e">J B C, New Delhi</subfield>
    <subfield code="g">325.00</subfield>
    <subfield code="k">SI-4276</subfield>
    <subfield code="l">1</subfield>
    <subfield code="o">004.678 GRI</subfield>
    <subfield code="p">10137</subfield>
    <subfield code="r">2020-02-18 00:00:00</subfield>
    <subfield code="s">2020-02-05</subfield>
    <subfield code="w">2008-10-27</subfield>
    <subfield code="y">BK</subfield>
  </datafield>
  <datafield tag="952" ind1=" " ind2=" ">
    <subfield code="0">0</subfield>
    <subfield code="1">0</subfield>
    <subfield code="2">ddc</subfield>
    <subfield code="4">0</subfield>
    <subfield code="7">0</subfield>
    <subfield code="8">BTECHIT</subfield>
    <subfield code="a">PIET</subfield>
    <subfield code="b">PIET</subfield>
    <subfield code="d">2008-11-08</subfield>
    <subfield code="e">J B C, New Delhi</subfield>
    <subfield code="g">325.00</subfield>
    <subfield code="k">SI-4276</subfield>
    <subfield code="l">1</subfield>
    <subfield code="o">004.678 GRI</subfield>
    <subfield code="p">10138</subfield>
    <subfield code="r">2022-03-25 00:00:00</subfield>
    <subfield code="s">2022-03-11</subfield>
    <subfield code="w">2008-10-27</subfield>
    <subfield code="y">BK</subfield>
  </datafield>
  <datafield tag="952" ind1=" " ind2=" ">
    <subfield code="0">0</subfield>
    <subfield code="1">0</subfield>
    <subfield code="2">ddc</subfield>
    <subfield code="4">0</subfield>
    <subfield code="7">0</subfield>
    <subfield code="8">BTECHIT</subfield>
    <subfield code="a">PIET</subfield>
    <subfield code="b">PIET</subfield>
    <subfield code="d">2008-11-08</subfield>
    <subfield code="e">J B C, New Delhi</subfield>
    <subfield code="g">325.00</subfield>
    <subfield code="k">SI-4276</subfield>
    <subfield code="l">3</subfield>
    <subfield code="o">004.678 GRI</subfield>
    <subfield code="p">10139</subfield>
    <subfield code="r">2022-06-25 00:00:00</subfield>
    <subfield code="s">2022-06-09</subfield>
    <subfield code="w">2008-10-27</subfield>
    <subfield code="y">BK</subfield>
  </datafield>
  <datafield tag="952" ind1=" " ind2=" ">
    <subfield code="0">0</subfield>
    <subfield code="1">0</subfield>
    <subfield code="2">ddc</subfield>
    <subfield code="4">0</subfield>
    <subfield code="7">0</subfield>
    <subfield code="8">BTECHIT</subfield>
    <subfield code="a">PIET</subfield>
    <subfield code="b">PIET</subfield>
    <subfield code="d">2008-11-08</subfield>
    <subfield code="e">J B C, New Delhi</subfield>
    <subfield code="g">325.00</subfield>
    <subfield code="k">SI-4276</subfield>
    <subfield code="l">4</subfield>
    <subfield code="o">004.678 GRI</subfield>
    <subfield code="p">10140</subfield>
    <subfield code="r">2022-11-29 00:00:00</subfield>
    <subfield code="s">2022-11-17</subfield>
    <subfield code="w">2008-10-27</subfield>
    <subfield code="y">BK</subfield>
  </datafield>
  <datafield tag="952" ind1=" " ind2=" ">
    <subfield code="0">0</subfield>
    <subfield code="1">0</subfield>
    <subfield code="2">ddc</subfield>
    <subfield code="4">0</subfield>
    <subfield code="7">0</subfield>
    <subfield code="8">BTECHIT</subfield>
    <subfield code="a">PIET</subfield>
    <subfield code="b">PIET</subfield>
    <subfield code="d">2008-11-08</subfield>
    <subfield code="e">J B C, New Delhi</subfield>
    <subfield code="g">325.00</subfield>
    <subfield code="k">SI-4276</subfield>
    <subfield code="l">3</subfield>
    <subfield code="o">004.678 GRI</subfield>
    <subfield code="p">10141</subfield>
    <subfield code="r">2025-03-25 00:00:00</subfield>
    <subfield code="s">2025-03-11</subfield>
    <subfield code="w">2008-10-27</subfield>
    <subfield code="y">BK</subfield>
  </datafield>
  <datafield tag="952" ind1=" " ind2=" ">
    <subfield code="0">0</subfield>
    <subfield code="1">0</subfield>
    <subfield code="2">ddc</subfield>
    <subfield code="4">0</subfield>
    <subfield code="7">0</subfield>
    <subfield code="8">BTECHIT</subfield>
    <subfield code="a">PIET</subfield>
    <subfield code="b">PIET</subfield>
    <subfield code="d">2008-11-08</subfield>
    <subfield code="e">J B C, New Delhi</subfield>
    <subfield code="g">325.00</subfield>
    <subfield code="k">SI-4276</subfield>
    <subfield code="l">0</subfield>
    <subfield code="o">004.678 GRI</subfield>
    <subfield code="p">10142</subfield>
    <subfield code="r">2019-12-04 00:00:00</subfield>
    <subfield code="w">2008-10-27</subfield>
    <subfield code="y">BK</subfield>
  </datafield>
  <datafield tag="952" ind1=" " ind2=" ">
    <subfield code="0">0</subfield>
    <subfield code="1">0</subfield>
    <subfield code="2">ddc</subfield>
    <subfield code="4">0</subfield>
    <subfield code="7">0</subfield>
    <subfield code="8">BTECHIT</subfield>
    <subfield code="a">PIET</subfield>
    <subfield code="b">PIET</subfield>
    <subfield code="d">2008-11-08</subfield>
    <subfield code="e">J B C, New Delhi</subfield>
    <subfield code="g">325.00</subfield>
    <subfield code="k">SI-4276</subfield>
    <subfield code="l">7</subfield>
    <subfield code="o">004.678 GRI</subfield>
    <subfield code="p">10143</subfield>
    <subfield code="r">2023-06-07 00:00:00</subfield>
    <subfield code="s">2023-05-26</subfield>
    <subfield code="w">2008-10-27</subfield>
    <subfield code="y">BK</subfield>
  </datafield>
  <datafield tag="952" ind1=" " ind2=" ">
    <subfield code="0">0</subfield>
    <subfield code="1">0</subfield>
    <subfield code="2">ddc</subfield>
    <subfield code="4">0</subfield>
    <subfield code="7">0</subfield>
    <subfield code="8">BTECHIT</subfield>
    <subfield code="a">PIET</subfield>
    <subfield code="b">PIET</subfield>
    <subfield code="d">2008-11-08</subfield>
    <subfield code="e">J B C, New Delhi</subfield>
    <subfield code="g">325.00</subfield>
    <subfield code="k">SI-4276</subfield>
    <subfield code="l">3</subfield>
    <subfield code="o">004.678 GRI</subfield>
    <subfield code="p">10144</subfield>
    <subfield code="r">2023-06-16 00:00:00</subfield>
    <subfield code="s">2023-06-13</subfield>
    <subfield code="w">2008-10-27</subfield>
    <subfield code="y">BK</subfield>
  </datafield>
  <datafield tag="952" ind1=" " ind2=" ">
    <subfield code="0">0</subfield>
    <subfield code="1">0</subfield>
    <subfield code="2">ddc</subfield>
    <subfield code="4">0</subfield>
    <subfield code="7">0</subfield>
    <subfield code="8">BTECHIT</subfield>
    <subfield code="a">PIET</subfield>
    <subfield code="b">PIET</subfield>
    <subfield code="d">2008-11-08</subfield>
    <subfield code="e">J B C, New Delhi</subfield>
    <subfield code="g">325.00</subfield>
    <subfield code="k">SI-4276</subfield>
    <subfield code="l">1</subfield>
    <subfield code="o">004.678 GRI</subfield>
    <subfield code="p">10145</subfield>
    <subfield code="r">2022-05-13 00:00:00</subfield>
    <subfield code="s">2022-04-20</subfield>
    <subfield code="w">2008-10-27</subfield>
    <subfield code="y">BK</subfield>
  </datafield>
  <datafield tag="952" ind1=" " ind2=" ">
    <subfield code="0">0</subfield>
    <subfield code="1">0</subfield>
    <subfield code="2">ddc</subfield>
    <subfield code="4">0</subfield>
    <subfield code="7">0</subfield>
    <subfield code="8">BTECHIT</subfield>
    <subfield code="a">PIET</subfield>
    <subfield code="b">PIET</subfield>
    <subfield code="d">2008-11-08</subfield>
    <subfield code="e">J B C, New Delhi</subfield>
    <subfield code="g">325.00</subfield>
    <subfield code="k">SI-4276</subfield>
    <subfield code="l">1</subfield>
    <subfield code="o">004.678 GRI</subfield>
    <subfield code="p">10146</subfield>
    <subfield code="q">2020-11-05</subfield>
    <subfield code="r">2020-10-22 00:00:00</subfield>
    <subfield code="s">2020-10-22</subfield>
    <subfield code="w">2008-10-27</subfield>
    <subfield code="y">BK</subfield>
  </datafield>
</record>
